000 00780nam a2200229Ia 4500
003 GCL
008 140319s9999 xx 000 0 ara d
040 _aGCL /
_cGCL
082 0 4 _a330.956
_bم ف
100 1 _aمحمد عبدالعزيز عجمية
245 1 0 _aفصول فى الاقتصاد العربى /
_cمحمد عبدالعزيز عجمية
700 1 _aمحمد عبدالعزيز ربيع
300 _a291 ص
490 _a100 قصة
_v0
650 0 4 _aالعالم العربى
650 0 4 _aالتكامل الاقتصادى
650 0 4 _aالاحوال الاقتصادية
650 0 4 _aالعلاقات الاقتصادية الدولية
650 0 4 _aالتجارة الخارجية
650 0 4 _aالموارد الطبيعية
942 _2ddc
_cBK
999 _c45676
_d45676